Statistics for Movies By 1 Actor and 1 Actress - Martin Scorsese Edition

Click here to take the quiz!

General Stats

  • This quiz has been taken 23 times
  • The average score is 13 of 17

Answer Stats

CastMovie% Correct
Joe Pesci, Sharon StoneCasino
100%
Ray Liotta, Lorraine BraccoGoodfellas
100%
Daniel Day Lewis, Cameron DiazGangs of New York
95%
Robert De Niro, Jodie FosterTaxi Driver
95%
Margot Robbie, Jonah HillThe Wolf of Wall Street
95%
Leonardo DiCaprio, Cate BlanchettThe Aviator
81%
Jack Nicholson, Vera FarmigaThe Departed
81%
Asa Butterfield, Chloe Grace MoretzHugo
71%
Robert De Niro, Juliette LewisCape Fear
67%
Mark Ruffalo, Michelle WilliamsShutter Island
67%
Al Pacino, Anna PaquinThe Irishman
67%
Jerry Lewis, Sandra BernhardThe King of Comedy
67%
Tom Cruise, Helen ShaverThe Color of Money
62%
Willem Dafoe, Barbara HersheyThe Last Temptation of Christ
62%
Lily Gladstone, Brendan FraserKillers of the Flower Moon
57%
Harvey Keitel, Amy RobinsonMean Streets
57%
Nicolas Cage, Patricia ArquetteBringing Out the Dead
48%

Score Distribution

Percentile by Number Answered

Percent of People with Each Score

Your Score History

You have not taken this quiz